| 000 | 00473nam a2200169 a 4500 | ||
|---|---|---|---|
| 001 | 12797 | ||
| 003 | CO-ViMGA | ||
| 008 | 141112s2004 ck r 000 u spa d | ||
| 040 |
_aCO-ViMGA _bspa _cCO-ViMGA |
||
| 082 | 0 | 4 | _a306.8 P437 |
| 100 | 1 |
_aPietropinto, Anthony _918561 |
|
| 245 | 1 | 0 |
_aMaridos y Mujeres : _bPareja - Matrimonio - Divorcio |
| 260 |
_aBarcelona : _bPlaza y Janeth, _c1981 |
||
| 300 | _a443p. | ||
| 650 | 1 | 4 |
_aGUIONES CINEMATOGRAFICOS _97946 |
| 942 |
_2ddc _cBK |
||
| 999 |
_c23740 _d23740 |
||